LEADER 01447nam 2200397 a 450 001 9910699236703321 005 20230902162036.0 035 $a(CKB)5470000002401540 035 $a(OCoLC)489269904 035 $a(EXLCZ)995470000002401540 100 $a20091216d2009 ua 0 101 0 $aeng 135 $aurbn||||a|||| 181 $ctxt$2rdacontent 182 $cc$2rdamedia 183 $acr$2rdacarrier 200 10$aClimate change$b[electronic resource] $ea challenge for public health : hearing of the Committee on Health, Education, Labor, and Pensions, United States Senate, One Hundred Tenth Congress, second session ... April 10, 2008 210 1$aWashington :$cU.S. G.P.O.,$d2009. 215 $a1 online resource (iii, 66 pages) $cillustrations, maps 225 1 $aS. hrg. ;$v110-888 300 $aTitle from title screen (viewed on Dec. 16, 2009). 300 $aPaper version available for sale by the Supt. of Docs., U.S. G.P.O. 320 $aIncludes bibliographical references. 517 $aClimate change 606 $aClimatic changes$xHealth aspects 606 $aGlobal warming$xHealth aspects 606 $aEnvironmental health 615 0$aClimatic changes$xHealth aspects. 615 0$aGlobal warming$xHealth aspects. 615 0$aEnvironmental health. 801 0$bGPO 801 1$bGPO 906 $aBOOK 912 $a9910699236703321 996 $aClimate change$9250420 997 $aUNINA LEADER 03487nam 22006375 450 001 9911047676503321 005 20251122120357.0 010 $a3-032-05427-3 024 7 $a10.1007/978-3-032-05427-2 035 $a(MiAaPQ)EBC32427680 035 $a(Au-PeEL)EBL32427680 035 $a(CKB)43678354200041 035 $a(DE-He213)978-3-032-05427-2 035 $a(EXLCZ)9943678354200041 100 $a20251122d2025 u| 0 101 0 $aeng 135 $aurcnu|||||||| 181 $ctxt$2rdacontent 182 $cc$2rdamedia 183 $acr$2rdacarrier 200 10$aEntrepreneurship in Southern Africa $eHow History Shaped the Present /$fby Léo-Paul Dana, Aidin Salamzadeh 205 $a1st ed. 2025. 210 1$aCham :$cSpringer Nature Switzerland :$cImprint: Springer,$d2025. 215 $a1 online resource (187 pages) 225 1 $aEthnic and Indigenous Business Studies,$x2948-1643 311 08$a3-032-05426-5 327 $a1. Introduction -- 2. Entrepreneurship in the Republic of Botswana (formerly Bechuanaland) -- 3. Entrepreneurship in the Kingdom of Eswatini (formerly Swaziland) -- 4. Entrepreneurship in the Kingdom of Lesotho (formerly Basutoland) -- 5. Entrepreneurship in the Republic of Mozambique (formerly Portuguese East Africa) -- 6. Entrepreneurship in the Republic of Namibia (formerly South West Africa) -- 7. Entrepreneurship in the Republic of South Africa (formerly the Union of South Africa) -- 8. Entrepreneurship in Republic of Zimbabwe (formerly Southern Rhodesia) -- 9. Towards the Future. 330 $aThis monograph explores the dynamic entrepreneurial landscapes of seven African nations?Botswana, Eswatini, Lesotho, Mozambique, Namibia, South Africa, Zimbabwe, and the broader continent. Through vivid case studies and personal encounters, the author examines how cultural values, informal markets, and global influences shape business practices. From Dinapama Manufacturing in Namibia to livestock economies in Lesotho, and informal vendors in Mozambique and Botswana, this volume reveals the resilience and innovation driving African enterprise. Drawing on the scholarship of Léo-Paul Dana and development pioneers like Sivan Yari, it contrasts firm-type and bazaar economies, highlighting the role of relationships, networks, and mindset. Richly illustrated and deeply reflective, this book is essential reading for scholars, policymakers, and practitioners seeking to understand Africa?s entrepreneurial spirit and its place in the global economy. 410 0$aEthnic and Indigenous Business Studies,$x2948-1643 606 $aBusiness 606 $aAfrica 606 $aEntrepreneurship 606 $aNew business enterprises 606 $aInternational economic integration 606 $aGlobalization 606 $aAfrican Business 606 $aEntrepreneurship 606 $aEmerging Markets and Globalization 615 0$aBusiness. 615 0$aAfrica. 615 0$aEntrepreneurship. 615 0$aNew business enterprises. 615 0$aInternational economic integration. 615 0$aGlobalization. 615 14$aAfrican Business. 615 24$aEntrepreneurship. 615 24$aEmerging Markets and Globalization. 676 $a338.7096 700 $aDana$b Leo Paul$0878290 801 0$bMiAaPQ 801 1$bMiAaPQ 801 2$bMiAaPQ 906 $aBOOK 912 $a9911047676503321 996 $aEntrepreneurship in Southern Africa$94477870 997 $aUNINA LEADER 04556nam 22008055 450 001 9910484075503321 005 20251226203025.0 024 7 $a10.1007/11590354 035 $a(CKB)1000000000213537 035 $a(SSID)ssj0000317996 035 $a(PQKBManifestationID)11231719 035 $a(PQKBTitleCode)TC0000317996 035 $a(PQKBWorkID)10307306 035 $a(PQKB)11564505 035 $a(DE-He213)978-3-540-32277-1 035 $a(MiAaPQ)EBC3067519 035 $a(PPN)123098734 035 $a(EXLCZ)991000000000213537 100 $a20100412d2005 u| 0 101 0 $aeng 135 $aurnn|008mamaa 181 $ctxt 182 $cc 183 $acr 200 10$aGrid and Cooperative Computing - GCC 2005 $e4th International Conference, Beijing, China, November 30 -- December 3, 2005, Proceedings /$fedited by Hai Zhuge, Geoffrey C. Fox 205 $a1st ed. 2005. 210 1$aBerlin, Heidelberg :$cSpringer Berlin Heidelberg :$cImprint: Springer,$d2005. 215 $a1 online resource (XXI, 1203 p.) 225 1 $aProgramming and Software Engineering,$x2945-9168 ;$v3795 300 $aBibliographic Level Mode of Issuance: Monograph 311 08$aPrinted edition: 9783540305101 320 $aIncludes bibliographical references and index. 327 $aTowards Global Collaborative Computing: Opportunities and Challenges of Peer to Peer Networks and Applications -- Session 1: Grid Service and Grid Security -- Session 2: Grid Middleware and Applications -- Session 3: Knowledge Grid and Semantic Grid -- Session 4: Resource Management -- Session 5: P2P Computing and Automatic Computing -- Session 6: Performance Evaluation and Modeling -- Session 7: Software Engineering and Cooperative Computing. 330 $aThis volume presents the accepted papers for the 4th International Conference onGridandCooperativeComputing(GCC2005),heldinBeijing,China,during November 30 ? December 3, 2005.The conferenceseries of GCC aims to provide an international forum for the presentation and discussion of research trends on the theory, method, and design of Grid and cooperative computing as well as their scienti?c, engineering and commercial applications. It has become a major annual event in this area. The First International Conference on Grid and Cooperative Computing (GCC2002)received168submissions.GCC2003received550submissions,from which 176 regular papers and 173 short papers were accepted. The acceptance rate of regular papers was 32%, and the total acceptance rate was 64%. GCC 2004 received 427 main-conference submissions and 154 workshop submissions. The main conference accepted 96 regular papers and 62 short papers. The - ceptance rate of the regular papers was 23%. The total acceptance rate of the main conference was 37%. For this conference, we received 576 submissions. Each was reviewed by two independent members of the International Program Committee. After carefully evaluating their originality and quality, we accepted 57 regular papers and 84 short papers. The acceptance rate of regular papers was 10%. The total acc- tance rate was 25%. 410 0$aProgramming and Software Engineering,$x2945-9168 ;$v3795 606 $aComputer science 606 $aComputer networks 606 $aOperating systems (Computers) 606 $aSoftware engineering 606 $aApplication software 606 $aInformation storage and retrieval systems 606 $aTheory of Computation 606 $aComputer Communication Networks 606 $aOperating Systems 606 $aSoftware Engineering 606 $aComputer and Information Systems Applications 606 $aInformation Storage and Retrieval 615 0$aComputer science. 615 0$aComputer networks. 615 0$aOperating systems (Computers) 615 0$aSoftware engineering. 615 0$aApplication software. 615 0$aInformation storage and retrieval systems. 615 14$aTheory of Computation. 615 24$aComputer Communication Networks. 615 24$aOperating Systems. 615 24$aSoftware Engineering. 615 24$aComputer and Information Systems Applications. 615 24$aInformation Storage and Retrieval. 676 $a004/.36 701 $aZhuge$b Hai$0877870 701 $aFox$b Geoffrey C$055685 712 12$aGCC (Conference) 801 0$bMiAaPQ 801 1$bMiAaPQ 801 2$bMiAaPQ 906 $aBOOK 912 $a9910484075503321 996 $aGrid and cooperative computing--GCC 2005$94189983 997 $aUNINA